El proceso de la investigación científica: incluye glosario y manual de evaluación de proyectos

Wedi'i Gadw mewn:
Manylion Llyfryddiaeth
Prif Awdur: Tamayo y Tamayo, Mario (Awdur)
Fformat: Llyfr
Iaith:Sbaeneg
Cyhoeddwyd: Ciudad de México Limusa 1995
Rhifyn:3a. ed
Pynciau:
Tagiau: Ychwanegu Tag
Dim Tagiau, Byddwch y cyntaf i dagio'r cofnod hwn!

MARC

LEADER 00000nam a2200000 a 4500
001 UCT7241
003 CL-VaPUC
008 970117e19950000MX |||||||||||||||||spa|d
082 0 4 |a 001.4  |b TAM  |2 21 
100 0 |a Tamayo y Tamayo, Mario  |e author  |9 378153 
245 1 3 |a El proceso de la investigación científica: incluye glosario y manual de evaluación de proyectos 
250 |a 3a. ed 
300 |a 231 p 
942 |c BK 
945 |d 19970117 00:00:00  |a rbrito 
260 |a Ciudad de México  |b Limusa  |c 1995 
650 0 |a Investigación científica  |9 259857 
650 0 |a Investigación  |9 257811 
650 0 |a Actividades científicas  |9 340111 
583 |a last modification  |c 19970117 00:00:00  |k Rodrigo Vera 
999 |c 255896  |d 255894 
952 |0 0  |1 0  |4 0  |6 001_400000000000000_TAM_1995  |7 0  |8 A  |9 278367  |a BIBHIS  |b BIBHIS  |d 2019-11-19  |i 3282619  |o 001.4 TAM 1995  |p 3282619  |r 2025-01-20  |w 2019-11-19  |y BK  |k HIS